Relatoría General
Relación entre las distintas actividades de la comercialización, especialmente de productos agrícolas en Centroamérica. Analiza brevemente el concepto de mercadotecnia y señala las deficiencias estructurales de la producción agrícola que más han influído en el mercadeo de dicha producción así como s...
Պահպանված է:
| Համատեղ հեղինակներ: | , |
|---|---|
| Ձևաչափ: | Անհայտ |
| Հրապարակվել է: |
Guatemala:
FUPAC
|
| Խորագրեր: | |
| Ցուցիչներ: |
Ավելացրեք ցուցիչ
Չկան պիտակներ, Եղեք առաջինը, ով նշում է այս գրառումը!
|
MARC
| LEADER | 00000 a2200000 04500 | ||
|---|---|---|---|
| 001 | 19669 | ||
| 003 | |||
| 008 | 991231s d | ||
| 040 | |||
| 090 | |a 081402 | ||
| 110 | |a Federación de Universidades Privadas de Centroamérica y Panamá | ||
| 245 | |a Relatoría General |a Federación de Universidades Privadas de Centroamérica y Panamá | ||
| 260 | |a Guatemala: |b FUPAC | ||
| 300 | |a 147 p. | ||
| 520 | |a Relación entre las distintas actividades de la comercialización, especialmente de productos agrícolas en Centroamérica. Analiza brevemente el concepto de mercadotecnia y señala las deficiencias estructurales de la producción agrícola que más han influído en el mercadeo de dicha producción así como sus implicaciones. /ACM | ||
| 650 | |a MMCA | ||
| 650 | |a PRODUCCION AGRICOLA | ||
| 650 | |a MERCADEO | ||
| 710 | |a Universidad Rafael Landivar | ||
| 999 | |c 9788 |d 9788 | ||
